Logo Biblioteca

Conectados : (Registro nro. 267)

Detalles MARC
000 -LEADER
fixed length control field 00885nam a22001937a 4500
003 - CONTROL NUMBER IDENTIFIER
control field OSt
005 - DATE AND TIME OF LATEST TRANSACTION
control field 20240722123951.0
008 - FIXED-LENGTH DATA ELEMENTS--GENERAL INFORMATION
fixed length control field 240722s2019 ag ||||| |||| 00| 0 spa d
020 ## - INTERNATIONAL STANDARD BOOK NUMBER
International Standard Book Number 9789876024143
040 ## - CATALOGING SOURCE
Language of cataloging spa
Transcribing agency besoc
245 10 - TITLE STATEMENT
Title Conectados :
Remainder of title Lengua y literatura : escuela secundaria /
Statement of responsibility, etc. Myriam Delgado ... [et al.]
250 ## - EDITION STATEMENT
Edition statement 1a ed.
260 ## - PUBLICATION, DISTRIBUTION, ETC.
Place of publication, distribution, etc. Córdoba :
Name of publisher, distributor, etc. Comunicarte,
Date of publication, distribution, etc. 2019
300 ## - PHYSICAL DESCRIPTION
Extent 142 p.
490 0# - SERIES STATEMENT
Series statement Comunicarte 2
505 0# - FORMATTED CONTENTS NOTE
Formatted contents note Módulo 1: La conversación -- Módulo 2: La narración oral, el cuento maravilloso -- Módulo 3: El cuento realista -- Módulo 4: La exposición -- Módulo 5: El cuento policial -- Módulo 6: La entrevista periodística -- Módulo 7: El cuento de ciencia ficción -- Módulo 8: El texto dramático.-
650 #4 - SUBJECT ADDED ENTRY--TOPICAL TERM
Topical term or geographic name entry element Enseñanza de la lengua
General subdivision Enseñanza de la literatura
-- Educación secundaria
-- Libros de texto
942 ## - ADDED ENTRY ELEMENTS (KOHA)
Source of classification or shelving scheme Universal Decimal Classification
Koha item type Libro de préstamo a domicilio
Suppress in OPAC No
Existencias
Withdrawn status Lost status Source of classification or shelving scheme Damaged status Not for loan Home library Current library Date acquired Total checkouts Full call number Barcode Date last seen Price effective from Koha item type
    Universal Decimal Classification     Biblioteca Escuela de Ciencias Sociales Biblioteca Escuela de Ciencias Sociales 22/07/2024   80(07) C747 001109 22/07/2024 22/07/2024 Libro de préstamo a domicilio
Biblioteca de la Escuela Preuniversitaria en Ciencias Sociales y Humanísticas.
Riobamba 250 bis.
CP 2000 - Rosario - Santa Fe
E-Mail: biblioteca@esociales.unr.edu.ar